Đặc điểm sinh học, sinh thái học của cánh cứng chân chạy Chlaenius Inops Chaudoir (Coleoptera: carabidae) /

Salvato in:
Dettagli Bibliografici
Autore principale: Lê Anh Sơn.
Altri autori: Trần Ngọc Lân., Vũ Quang Côn.
Natura: Articolo
Lingua:Vietnamese
Soggetti:
Tags: Aggiungi Tag
Nessun Tag, puoi essere il primo ad aggiungerne! !
Thư viện lưu trữ: Thư viện Trường Đại học Đà Lạt
LEADER 01035nam a2200337 4500
001 DLU190191349
005 ##20190611
040 # # |a DLU  |b vie 
041 # # |a vie 
044 # # |a vn 
100 # # |a Lê Anh Sơn. 
245 # # |a Đặc điểm sinh học, sinh thái học của cánh cứng chân chạy Chlaenius Inops Chaudoir (Coleoptera: carabidae) /  |c Lê Anh Sơn, Trần Ngọc Lân, Vũ Quang Côn. 
653 # # |a Các pha phát triển 
653 # # |a Carabidae 
653 # # |a Chlaenius inops 
653 # # |a H. armigera 
653 # # |a Khả năng ăn mồi 
653 # # |a Sinh học 
653 # # |a Sinh thái học 
700 # # |a Trần Ngọc Lân. 
700 # # |a Vũ Quang Côn. 
773 # # |t Tạp chí Sinh học  |g Số 2, 2013, tr. 163-168 
920 # # |a Phòng Tạp chí -- Trung tâm Thông tin - Thư viện Trường Đại học Đà Lạt 
994 # # |a DLU 
900 # # |a True 
911 # # |a Hoàng Thị Huyền 
925 # # |a G 
926 # # |a A 
927 # # |a BB 
980 # # |a Thư viện Trường Đại học Đà Lạt